Footballers that are at least 2m tall (6ft 7in) - Statistics

General Stats
  • This quiz has been taken 10 times
  • The average score is 5 of 11
Answer Stats
Height cm Nationality Year of birth Position Main club(s) Answer % Correct
201 ENG 1981 CF Stoke, Liverpool Peter Crouch
100%
203 ROM 1987 GK ManCity, Sunderland Costel Pantilimon
63%
200 BEL 1992 GK Real Madrid Thibaut Courtois
63%
201 ENG 1988 GK Celtic Fraser Forster
50%
202 CZE 1973 CF Dortmund Jan Koller
38%
200 AUT 1997 CF Stuttgart, Wolves Sasa Kalajdzic
38%
202 SRB 1997 GK Torino Vanja Milinkovic-Savic
38%
203 CIV 1990 CF Cluj, Monaco Lacina Traore
25%
202 SRB 1980 CF Birmingham, Valencia Nikola Zigic
25%
201 NGA 1994 CF Genk, Southampton Paul Onuachu
25%
206 NED 2000 GK Ajax, Brighton Kjell Scherpen
13%
No matching quizzes found
Score Distribution
Percent of People with Each Score
Percentile by Number Answered
Your Score History
You have not taken this quiz